| 000 | 00668nam a2200217Ia 4500 | ||
|---|---|---|---|
| 003 | OSt | ||
| 005 | 20250519141258.0 | ||
| 008 | 210210b1981 xxu||||| |||| 00| 0 eng d | ||
| 040 | _cAL | ||
| 041 | _aKannada | ||
| 082 | _aK894.308 NIRV | ||
| 100 |
_aNIRANJANA, Ed. _dನಿರಂಜನ _9210375 |
||
| 245 |
_aVishva katha kosha.S19-Ibbaru geleyaru. _bವಿಶ್ವ ಕಥಾ ಕೋಶ ಸಂ ೧೯ - ಇಬ್ಬರು ಗೆಳೆಯರು |
||
| 260 |
_aBangaluru _bNavakarnataka Publikeshans _c1981 |
||
| 300 | _aiv,176 | ||
| 440 |
_a19 _9210376 |
||
| 650 |
_aKategalu _9210377 |
||
| 690 |
_aKannada Fiction _9210378 |
||
| 906 | _a035185 | ||
| 942 |
_2ddc _cBK |
||
| 999 |
_c86133 _d86133 |
||